000 00576nam a2200217Ia 4500
003 GCL
008 140319s9999 xx 000 0 eng d
020 _a1841930733
040 _aGCL /
_cGCL
082 0 4 _a743.4
_bF A
100 1 _aFLINT, TOM
245 1 0 _aANATOMY FOR THE ARTIST :
_bTHE DYNAMICS OF THE HUMAN FORM /
_cFLINT, TOM
250 _a1
260 _a[S.N] :
_bARCTURUS PUBLISHING LIMITED ،
_c2003
300 _a208 P ؛
_c30 cm.
650 0 4 _aANATOMY
650 0 4 _aDRAWING
650 0 4 _aHUMAN LIGURE IN ART
650 0 4 _aLIGURE DRAWING
942 _2ddc
_cBK
999 _c6599
_d6599